Normal view
MARC view
Entry Topical Term
001 - CONTROL NUMBER
- control field: 51680
003 - CONTROL NUMBER IDENTIFIER
- control field: ARRUPE
005 - DATE AND TIME OF LATEST TRANSACTION
- control field: 20220519120244.0
008 - FIXED-LENGTH DATA ELEMENTS
- fixed length control field: 220519|| aca||aabn | a|a d
040 ## - CATALOGING SOURCE
- Original cataloging agency: ARRUPE
- Transcribing agency: ARRUPE
150 ## - HEADING--TOPICAL TERM
- Topical term or geographic name as entry element: Blacks
- Geographic subdivision: Brazil
- General subdivision: Religion
670 ## - SOURCE DATA FOUND
- Source citation: Work cat.: (ARRUPE)131463: Bastide, Roger, 1898-1974. 51678, The African religions of Brazil :, c1978.